Statistiques concernant N'oubliez pas les paroles! #1

Cliquez ici pour prendre le quiz!

Statistiques générales

  • Ce quiz a été pris 4 613 fois
  • Le résultat moyen est 22 sur 33

Réponses sur la Carte

Les réponses sont colorées sur une échelle allant du rouge au vert en fonction du pourcentage des utilisateurs qui les ont devinées à leur premier essai. Vous pouvez retrouver ces pourcentages ci-dessous.
 

Statistiques - réponses

ChansonRéponse% Correct
4le
99%
1les
96%
4les
96%
5les
96%
5les
96%
5la
88%
2de
87%
3de
87%
4de
87%
3des
80%
4des
80%
5du
78%
5lacs
78%
5nuages
77%
5qui
77%
5noirs
76%
5rivières
76%
5nord
75%
5terre
75%
5viennent
75%
5colorent
69%
1ailes
68%
4bateaux
49%
4ils
45%
4ventre
44%
4alourdi
43%
4arrivent
41%
4fruits
40%
3années
22%
3après
22%
3route
20%
2fond
18%
2silicose
17%

Distribution des résultats

Percentile par nombre de réponses

% des personnes avec chaque résultat

Votre développement - résultats

Vous n’avez pas pris ce quiz